[Event "FIDE World Cup"]
[Site "Krasnaya Polyana"]
[Date "2021.07.15"]
[Round "2.1"]
[White "Anton Guijarro, David"]
[Black "Idani, Pouya"]
[Result "0-1"]
[WhiteElo "2673"]
[BlackElo "2614"]
[PlyCount "68"]
[EventDate "2021.07.12"]
[EventType "k.o."]
[EventRounds "8"]
[EventCountry "RUS"]
[SourceTitle "CBM 203"]
[Source "ChessBase"]
[SourceDate "2021.08.31"]
[SourceVersion "1"]
[SourceVersionDate "2021.08.31"]
[SourceQuality "1"]

1. d4 d5 2. c4 e6 3. Nf3 Nf6 4. Nc3 c5 5. cxd5 exd5 6. g3 Nc6 7. Bg2 cxd4 8. Nxd4 Bc5 9. Nxc6 bxc6 10. O-O O-O 11. Na4 Bb6 12. Nxb6 axb6 13. b4 ({RR} 13. Qc2 c5 14. Bg5 Be6 15. Rfd1 Ra7 16. Bxf6 gxf6 17. Be4 h6 18. Qd2 Rd7 19. Bc2 Kg7 20. b4 d4 21. bxc5 bxc5 22. a4 c4 23. a5 d3 24. exd3 cxd3 25. Ba4 Rd6 26. Bb5 Qa8 27. Qf4 Rfd8 {Praggnanandhaa,R (2779)-Giri,A (2748) Chess.com INT 2025 ½-½ (56)}) ({RR} 13. Qc2 Qd6 14. Bf4 Qe6 15. b4 Ba6 16. Be3 Nd7 17. a4 Bc4 18. Rfb1 Ra6 19. a5 Rfa8 20. Qd2 h6 21. h3 c5 22. bxc5 Nxc5 23. Bxc5 bxc5 24. e3 Qd6 25. Rc1 Qd8 26. e4 Rxa5 27. Rxa5 Qxa5 {Deuer,M (2502)-Silva,P (2329) Graz AUT 2026 ½-½ (31)}) ({RR} 13. Qc2 c5 14. Bg5 Be6 15. Rfd1 Ra7 16. Bxf6 gxf6 17. Be4 h6 18. Qd2 Rd7 19. Bc2 Kg7 20. b4 d4 21. bxc5 bxc5 22. a4 c4 23. a5 d3 24. exd3 cxd3 25. Ba4 Rd6 26. Bb5 Qa8 27. Qf4 Rfd8 {Praggnanandhaa,R (2779)-Giri,A (2748) Chess.com INT 2025 ½-½ (56)}) ({RR} 13. Qc2 Qd6 14. Bf4 Qe6 15. b4 Ba6 16. Be3 Nd7 17. a4 Bc4 18. Rfb1 Ra6 19. a5 Rfa8 20. Qd2 h6 21. h3 c5 22. bxc5 Nxc5 23. Bxc5 bxc5 24. e3 Qd6 25. Rc1 Qd8 26. e4 Rxa5 27. Rxa5 Qxa5 {Deuer,M (2502)-Silva,P (2329) Graz AUT 2026 ½-½ (31)}) 13... Qe7 14. Qc2 $146 ({RR} 14. a3 Ba6 15. Re1 Rad8 16. Bb2 c5 17. bxc5 bxc5 18. Rc1 d4 19. Qa4 Bxe2 20. Bf3 d3 21. Bxe2 d2 22. Qc4 dxc1=Q 23. Rxc1 Rd2 24. Bxf6 Qxf6 25. Rc2 Rxc2 26. Qxc2 Qa1+ 27. Kg2 Qxa3 28. Qd2 Qb4 {Azali,T (2099)-Musat,A (2372) chess.com INT 2023 1-0 (38)}) ({RR} 14. a3 Ba6 15. Re1 Rad8 16. Bb2 c5 17. bxc5 bxc5 18. Rc1 d4 19. Qa4 Bxe2 20. Bf3 d3 21. Bxe2 d2 22. Qc4 dxc1=Q 23. Rxc1 Rd2 24. Bxf6 Qxf6 25. Rc2 Rxc2 26. Qxc2 Qa1+ 27. Kg2 Qxa3 28. Qd2 Qb4 {Azali,T (2099)-Musat,A (2372) chess.com INT 2023 1-0 (38)}) 14... Qxb4 15. Qxc6 Bd7 16. Qc2 Rac8 17. Qb2 Qxb2 18. Bxb2 Rc2 19. Bxf6 gxf6 20. Rfb1 Be6 21. a4 Ra8 22. e4 d4 23. e5 Rd8 24. exf6 d3 25. Bf3 d2 26. Bd1 Rc6 27. Rb2 Rd7 28. Kg2 Rc1 29. Rxb6 Rb7 30. Rd6 Rb8 31. Ra3 Rxd1 32. a5 h5 33. Kf3 Bg4+ 34. Kf4 Rb5 0-1

[Event "FIDE World Cup"]
[Site "Krasnaya Polyana"]
[Date "2021.07.17"]
[Round "2.3"]
[White "Berkes, Ferenc"]
[Black "Tabatabaei, Mohammad Amin"]
[Result "1/2-1/2"]
[WhiteElo "2673"]
[BlackElo "2613"]
[PlyCount "111"]
[EventDate "2021.07.12"]
[EventType "k.o."]
[EventRounds "8"]
[EventCountry "RUS"]
[SourceTitle "CBM 203"]
[Source "ChessBase"]
[SourceDate "2021.08.31"]
[SourceVersion "1"]
[SourceVersionDate "2021.08.31"]
[SourceQuality "1"]

1. d4 d5 2. c4 e6 3. Nc3 c5 4. cxd5 cxd4 5. Qa4+ Bd7 6. Qxd4 exd5 7. Qxd5 Nf6 8. Qd1 Bc5 9. Nf3 O-O 10. a3 ({RR} 10. e3 Qe7 11. Be2 Rd8 12. Qc2 Nc6 13. O-O Nb4 14. Qb1 Bc6 15. Qf5 Bd7 16. Qb1 Bc6 17. Qf5 Bd7 18. Qf4 Rac8 19. Rd1 Bg4 20. Rxd8+ Rxd8 21. h3 Bh5 22. a3 Nd3 23. Bxd3 Rxd3 24. Qb8+ Ne8 {Berserk 20250113-LCZero 0.31-dag-c93c6a8-BT4-6 (3652) tcec-chess.com INT 2025 ½-½ (112)}) ({RR} 10. e3 Qe7 11. Be2 Rd8 12. Qc2 Nc6 13. O-O Nb4 14. Qb1 Bc6 15. Qf5 Bd7 16. Qb1 Bc6 17. Qf5 Bd7 18. Qf4 Rac8 19. Rd1 Bg4 20. Rxd8+ Rxd8 21. h3 Bh5 22. a3 Nd3 23. Bxd3 Rxd3 24. Qb8+ Ne8 {Berserk 20250113-LCZero 0.31-dag-c93c6a8-BT4-6 (3652) tcec-chess.com INT 2025 ½-½ (112)}) 10... Nc6 ({RR} 10... Qe7 11. Bg5 Bc6 12. e3 Rd8 13. Qc2 Nbd7 14. Be2 h6 15. Bh4 Rac8 16. O-O g5 17. Bg3 Ne4 18. Nxe4 Bxe4 19. Qb3 Nb6 20. Rac1 Bd5 21. Qb5 a6 22. Qa5 Na8 23. Rfd1 Bb6 24. Qb4 Bc5 25. Qc3 {Venkatesh,N (2288)-Chinni,R (2120) Sunnyvale USA 2026 1-0 (37)}) ({RR} 10... Qe7 11. Bg5 Bc6 12. e3 Rd8 13. Qc2 Nbd7 14. Be2 h6 15. Bh4 Rac8 16. O-O g5 17. Bg3 Ne4 18. Nxe4 Bxe4 19. Qb3 Nb6 20. Rac1 Bd5 21. Qb5 a6 22. Qa5 Na8 23. Rfd1 Bb6 24. Qb4 Bc5 25. Qc3 {Venkatesh,N (2288)-Chinni,R (2120) Sunnyvale USA 2026 1-0 (37)}) 11. Bf4 $146 ({RR} 11. Bg5 h6 12. Bxf6 Qxf6 13. Qxd7 Rfd8 14. Qg4 Ne5 15. Qg3 Qb6 16. Rb1 Rac8 17. e3 Bxa3 18. Bb5 Bxb2 19. O-O Nxf3+ 20. Qxf3 Rxc3 21. Rxb2 a6 22. Qxf7+ Kxf7 23. Bc4+ Rxc4 24. Rxb6 Rd7 25. Rfb1 Rcc7 {Niemann,H (2678)-Warmerdam,M (2613) Prague 2022 1-0 (48)}) ({RR} 11. Bg5 h6 12. Bxf6 Qxf6 13. Qxd7 Rfd8 14. Qg4 Ne5 15. Qg3 Qb6 16. Rb1 Rac8 17. e3 Bxa3 18. Bb5 Bxb2 19. O-O Nxf3+ 20. Qxf3 Rxc3 21. Rxb2 a6 22. Qxf7+ Kxf7 23. Bc4+ Rxc4 24. Rxb6 Rd7 25. Rfb1 Rcc7 {Niemann,H (2678)-Warmerdam,M (2613) Prague 2022 1-0 (48)}) 11... Qb6 12. e3 Rfd8 13. Nd2 Be6 14. Qc2 Bd6 15. Bg5 Be5 16. Rd1 h6 17. Bxf6 Bxf6 18. Be2 Rac8 19. O-O Na5 20. Nde4 Be7 21. Rxd8+ Rxd8 22. Rd1 Rxd1+ 23. Nxd1 Qd8 24. Ndc3 a6 25. Qd2 Nb3 26. Qxd8+ Bxd8 27. Kf1 f5 28. Ng3 g6 29. Ke1 Nc1 30. Bf1 Bf6 31. Kd1 Na2 32. Nge2 Nxc3+ 33. Nxc3 Kf7 34. Be2 Ke7 35. Bf3 b6 36. Kc2 Kd6 37. g3 a5 38. Ne2 Kc5 39. Nf4 Bf7 40. Nd3+ Kd6 41. b3 Be8 42. h3 g5 43. g4 Bg6 44. Be2 fxg4 45. hxg4 Be7 46. Kc3 Bxd3 47. Bxd3 Ke5 48. b4 axb4+ 49. axb4 Kd5 50. Bf1 Bf6+ 51. Kd3 Ke5 52. Kc4 Be7 53. Bg2 Bf8 54. Bf3 Be7 55. Kb5 Bf8 56. Kc4 1/2-1/2

[Event "CZE-chT 1920"]
[Site "Czech Republic"]
[Date "2020.01.26"]
[Round "6.5"]
[White "Korobov, Anton"]
[Black "Harikrishna, Pentala"]
[Result "1/2-1/2"]
[WhiteElo "2679"]
[BlackElo "2748"]
[PlyCount "96"]
[EventDate "2019.10.12"]
[EventType "team-tourn"]
[EventRounds "11"]
[EventCountry "CZE"]
[SourceTitle "CBM 194 Extra"]
[Source "ChessBase"]
[SourceDate "2020.03.31"]
[SourceVersion "1"]
[SourceVersionDate "2020.03.31"]
[SourceQuality "1"]
[WhiteTeam "Frydek Mistek"]
[BlackTeam "Novy Bor"]
[WhiteTeamCountry "CZE"]
[BlackTeamCountry "CZE"]

1. c4 c5 2. Nf3 Nc6 3. Nc3 e6 4. g3 Nf6 5. Bg2 d5 6. cxd5 exd5 7. d4 cxd4 8. Nxd4 Bc5 9. Nb3 Bb6 10. O-O d4 11. Na4 O-O 12. Bf4 ({RR} 12. Bg5 h6 13. Bxf6 Qxf6 14. Nxb6 axb6 15. Bxc6 bxc6 16. Qxd4 Rd8 17. Qxf6 gxf6 18. Rfc1 Be6 19. Kf1 Ra4 20. Ke1 Rda8 21. Rc3 Rxa2 22. Rxa2 Rxa2 23. Nc1 Rxb2 24. Rxc6 Kg7 25. Nd3 Rb1+ 26. Kd2 f5 {Aronian,L (2735)-Caruana,F (2766) Wijk aan Zee NED 2023 ½-½ (39)}) ({RR} 12. Bg5 h6 13. Bxf6 Qxf6 14. Nxb6 axb6 15. Bxc6 bxc6 16. Qxd4 Rd8 17. Qxf6 gxf6 18. Rfc1 Be6 19. Kf1 Ra4 20. Ke1 Rda8 21. Rc3 Rxa2 22. Rxa2 Rxa2 23. Nc1 Rxb2 24. Rxc6 Kg7 25. Nd3 Rb1+ 26. Kd2 f5 {Aronian,L (2735)-Caruana,F (2766) Wijk aan Zee NED 2023 ½-½ (39)}) 12... Re8 13. Nxb6 axb6 14. Qd3 ({RR} 14. Rc1 Rxa2 15. Bxc6 bxc6 16. Nxd4 c5 17. Qb3 Qd5 18. Qxd5 Nxd5 19. Nb5 Nxf4 20. gxf4 Rxb2 21. Nd6 Rf8 22. Rb1 Rxe2 23. Rxb6 Bh3 24. Rc1 h5 25. Rb3 Be6 26. Re3 Rd2 27. Ne4 Rd4 28. Nxc5 Rxf4 {Ambartsumova,K (2385)-Naumov,P (2125) chess.com INT 2026 1-0 (52)}) ({RR} 14. Rc1 Rxa2 15. Bxc6 bxc6 16. Nxd4 c5 17. Qb3 Qd5 18. Qxd5 Nxd5 19. Nb5 Nxf4 20. gxf4 Rxb2 21. Nd6 Rf8 22. Rb1 Rxe2 23. Rxb6 Bh3 24. Rc1 h5 25. Rb3 Be6 26. Re3 Rd2 27. Ne4 Rd4 28. Nxc5 Rxf4 {Ambartsumova,K (2385)-Naumov,P (2125) chess.com INT 2026 1-0 (52)}) 14... Bg4 $146 ({RR} 14... Be6 15. Bxc6 bxc6 16. Nxd4 Bd5 17. a3 Be4 18. Qd2 Nd5 19. Rfd1 Qc8 20. f3 Bg6 21. Rac1 c5 22. e4 Nxf4 23. Qxf4 Qa6 24. Nc6 Qb5 25. Ne5 Qxb2 26. Nxg6 hxg6 27. Rb1 Qxa3 28. Rxb6 Rad8 29. Rxd8 {Socko,M (2393)-Salimova,N (2353) Warsaw 2021 1-0 (73)}) ({RR} 14... Be6 15. Bxc6 bxc6 16. Nxd4 Bd5 17. a3 Be4 18. Qd2 Nd5 19. Rfd1 Qc8 20. f3 Bg6 21. Rac1 c5 22. e4 Nxf4 23. Qxf4 Qa6 24. Nc6 Qb5 25. Ne5 Qxb2 26. Nxg6 hxg6 27. Rb1 Qxa3 28. Rxb6 Rad8 29. Rxd8 {Socko,M (2393)-Salimova,N (2353) Warsaw 2021 1-0 (73)}) 15. Rfe1 h6 16. a3 Qd7 17. Qb5 Rad8 18. Rac1 Nd5 19. Bd2 Re5 20. Qc4 Nde7 21. Bf4 Re6 22. h3 Bf5 23. e4 dxe3 24. Bxe3 Nd5 25. Qxd5 Qxd5 26. Bxd5 Rxd5 27. g4 Bg6 28. f4 f5 29. Kf2 Rb5 30. Rc3 Bf7 31. Re2 fxg4 32. hxg4 Rg6 33. Nd4 Nxd4 34. Bxd4 Rxg4 35. Be5 Rd5 36. Rc8+ Kh7 37. Rc7 Bh5 38. Rec2 Rd3 39. R7c3 Rd7 40. Rc7 Be8 41. Rxd7 Bxd7 42. Rc1 Rg6 43. Rd1 Be6 44. Rd6 h5 45. Rxb6 h4 46. Rxb7 h3 47. Rxg7+ Rxg7 48. Bxg7 Kxg7 1/2-1/2

[Event "Pepe Cuenca Invitational"]
[Site "chess24.com INT"]
[Date "2020.04.14"]
[Round "2.11"]
[White "Artemiev, Vladislav"]
[Black "Duda, Jan Krzysztof"]
[Result "1/2-1/2"]
[WhiteElo "2716"]
[BlackElo "2753"]
[PlyCount "138"]
[EventDate "2020.04.12"]
[EventType "k.o."]
[EventRounds "3"]
[EventCountry "USA"]
[SourceTitle "CBM 195 Extra"]
[Source "ChessBase"]
[SourceDate "2020.05.31"]
[SourceVersion "1"]
[SourceVersionDate "2020.05.31"]
[SourceQuality "1"]

1. Nf3 Nf6 2. c4 e6 3. Nc3 d5 4. e3 Be7 5. b3 O-O 6. Bb2 c5 7. cxd5 exd5 8. d4 Nc6 9. Be2 Ne4 10. O-O Bf6 11. Rc1 cxd4 12. Nxe4 dxe4 13. Nxd4 Nxd4 14. Bxd4 Bxd4 15. Qxd4 Qxd4 16. exd4 Rd8 17. Rfd1 Be6 18. Rc7 Rd7 19. Rxd7 Bxd7 20. f3 exf3 21. Bxf3 Rb8 22. Rc1 Rc8 23. Rxc8+ $146 ({RR} 23. Re1 b6 24. Re7 Rd8 25. Bd5 Be8 26. Bc4 a5 27. Rb7 Kf8 28. Rxb6 Rxd4 29. a4 Bxa4 30. Ra6 Bd7 31. Rxa5 Rd1+ 32. Kf2 Rd2+ 33. Kg1 Bc6 34. Rg5 g6 35. Rg3 f5 36. Bf1 Rb2 37. Rc3 Be4 {Malakhov,V (2642)-Bok,B (2587) chess.com INT 2024 0-1 (53)}) ({RR} 23. Re1 b6 24. Re7 Rd8 25. Bd5 Be8 26. Bc4 a5 27. Rb7 Kf8 28. Rxb6 Rxd4 29. a4 Bxa4 30. Ra6 Bd7 31. Rxa5 Rd1+ 32. Kf2 Rd2+ 33. Kg1 Bc6 34. Rg5 g6 35. Rg3 f5 36. Bf1 Rb2 37. Rc3 Be4 {Malakhov,V (2642)-Bok,B (2587) chess.com INT 2024 0-1 (53)}) 23... Bxc8 24. Kf2 Kf8 25. Ke3 Ke7 26. h4 Kd6 27. g3 b6 28. Be4 h6 29. b4 Be6 30. a3 Bd5 31. Bd3 Ke6 32. Kf4 Kf6 33. Bc2 Ke6 34. Bf5+ Kd6 35. Bd3 Bb3 36. Be4 a5 37. bxa5 bxa5 38. Bf3 Bc4 39. Ke3 Kc7 40. Kf4 Kd6 41. Ke3 Bb5 42. Be4 Bd7 43. Bc2 Be6 44. Be4 Bd5 45. Bd3 Ke6 46. Bc2 Kf6 47. Kf4 g5+ 48. hxg5+ hxg5+ 49. Ke3 Ke6 50. Bd3 f5 51. Ba6 Kd7 52. Bd3 Ke6 53. Ba6 Kf6 54. Bd3 Be6 55. Bc2 Ke7 56. Bd3 Kd6 57. Bc2 Bc8 58. Bb1 Bd7 59. Bc2 Be6 60. Bb1 Bc8 61. Bc2 Bd7 62. Bb1 f4+ 63. gxf4 gxf4+ 64. Kxf4 Kd5 65. Ke3 Kc4 66. d5 Kxd5 67. Kd2 Kc4 68. Ba2+ Kd4 69. Kc2 Kc5 1/2-1/2

[Event "Grandmasters Battle"]
[Site "Playchess.com INT"]
[Date "2020.06.27"]
[Round "8"]
[White "Yilmaz, Mustafa"]
[Black "Nisipeanu, Liviu Dieter"]
[Result "1-0"]
[WhiteElo "2630"]
[BlackElo "2655"]
[PlyCount "57"]
[EventDate "2020.06.26"]
[EventType "match"]
[EventRounds "16"]
[EventCountry "GER"]
[SourceTitle "CBM 197 Extra"]
[Source "ChessBase"]
[SourceDate "2020.09.30"]
[SourceVersion "1"]
[SourceVersionDate "2020.09.30"]
[SourceQuality "1"]

1. d4 d5 2. c4 e6 3. Nc3 c5 4. cxd5 cxd4 5. Qa4+ Bd7 6. Qxd4 exd5 7. Qxd5 Nc6 8. Nf3 Nf6 9. Qd1 Bc5 10. a3 Qe7 ({RR} 10... Qc7 11. Bg5 Qb6 12. e3 Be7 13. Bc4 Bg4 14. Qb3 Qxb3 15. Bxb3 O-O 16. Nd2 Ne5 17. f3 Be6 18. Bxe6 fxe6 19. Ke2 Rfd8 20. Nb5 Rac8 21. Nd4 Kf7 22. Rac1 Ng6 23. Nc4 Rc5 24. Bxf6 gxf6 25. b4 {Gao,M (2284)-Imomkuzieva,N (2235) Ulaanbaatar MGL 2026 1-0 (45)}) ({RR} 10... Qc7 11. Bg5 Qb6 12. e3 Be7 13. Bc4 Bg4 14. Qb3 Qxb3 15. Bxb3 O-O 16. Nd2 Ne5 17. f3 Be6 18. Bxe6 fxe6 19. Ke2 Rfd8 20. Nb5 Rac8 21. Nd4 Kf7 22. Rac1 Ng6 23. Nc4 Rc5 24. Bxf6 gxf6 25. b4 {Gao,M (2284)-Imomkuzieva,N (2235) Ulaanbaatar MGL 2026 1-0 (45)}) 11. Bg5 O-O-O 12. e3 Bf5 13. Qb3 $146 ({RR} 13. Qc1 Kb8 14. Bc4 h6 15. Bxf6 Qxf6 16. O-O g5 17. b4 g4 18. Nd2 Bd6 19. Nd5 Qg7 20. Ra2 Ne5 21. Qc3 g3 22. hxg3 h5 23. f4 Qxg3 24. fxe5 Bxe5 25. Qc1 Qh2+ 26. Kf2 Bg3+ 27. Kf3 Bg4+ {Forsberg,K-Von Motschenbacher,A USA 1994 0-1 (46)}) ({RR} 13. Qc1 Kb8 14. Bc4 h6 15. Bxf6 Qxf6 16. O-O g5 17. b4 g4 18. Nd2 Bd6 19. Nd5 Qg7 20. Ra2 Ne5 21. Qc3 g3 22. hxg3 h5 23. f4 Qxg3 24. fxe5 Bxe5 25. Qc1 Qh2+ 26. Kf2 Bg3+ 27. Kf3 Bg4+ {Forsberg,K-Von Motschenbacher,A USA 1994 0-1 (46)}) 13... h6 14. Bxf6 gxf6 15. Be2 Bxe3 16. fxe3 Qxe3 17. Rf1 Ne5 18. Nxe5 Qd2+ 19. Kf2 Qd4+ 20. Kf3 fxe5 21. Qc4+ Kb8 22. Qxd4 exd4 23. Ne4 d3 24. Bd1 d2 25. Bc2 Rhe8 26. Rad1 Rd4 27. Ke3 Rd5 28. Rf4 Bg6 29. Rxd2 1-0

[Event "EU-ch 21st"]
[Site "Reykjavik"]
[Date "2021.09.04"]
[Round "10"]
[White "Sarana, Alexey"]
[Black "Fridman, Daniel"]
[Result "1-0"]
[WhiteElo "2643"]
[BlackElo "2621"]
[PlyCount "159"]
[EventDate "2021.08.26"]
[EventType "swiss"]
[EventRounds "11"]
[EventCountry "ISL"]
[SourceTitle "CBM 204"]
[Source "ChessBase"]
[SourceDate "2021.10.31"]
[SourceVersion "1"]
[SourceVersionDate "2021.10.31"]
[SourceQuality "1"]

1. d4 d5 2. c4 e6 3. Nc3 c5 4. cxd5 exd5 5. Nf3 Nc6 6. dxc5 d4 7. Na4 Bxc5 8. Nxc5 Qa5+ 9. Qd2 Qxc5 10. e3 dxe3 11. Qxe3+ Qxe3+ 12. Bxe3 Nge7 13. Bc4 O-O 14. O-O Be6 ({RR} 14... h6 15. Rfe1 Rd8 16. h3 Nd5 17. Bd2 Be6 18. Rac1 Nc7 19. Bf4 Bxc4 20. Bxc7 Rd7 21. Rxc4 Rxc7 22. Nd4 Rd8 23. Nxc6 Rxc6 24. Rxc6 bxc6 25. Re2 Rd1+ 26. Kh2 Kf8 27. g4 Rc1 28. Kg2 c5 29. a3 {Aronian,L (2737)-Duda,J (2725) Saint Louis 2025 ½-½ (39)}) ({RR} 14... h6 15. Rfe1 Rd8 16. h3 Nd5 17. Bd2 Be6 18. Rac1 Nc7 19. Bf4 Bxc4 20. Bxc7 Rd7 21. Rxc4 Rxc7 22. Nd4 Rd8 23. Nxc6 Rxc6 24. Rxc6 bxc6 25. Re2 Rd1+ 26. Kh2 Kf8 27. g4 Rc1 28. Kg2 c5 29. a3 {Aronian,L (2737)-Duda,J (2725) Saint Louis 2025 ½-½ (39)}) 15. Bxe6 fxe6 16. Rfe1 $146 ({RR} 16. Ng5 Nd5 17. Nxe6 Rfe8 18. Nd4 Nxe3 19. fxe3 Rxe3 20. Nxc6 bxc6 21. Rac1 Rd8 22. Rxc6 Re2 23. h3 h6 24. Rf3 Rd7 25. Rb3 a5 26. Ra6 Rdd2 27. Rg3 Rxb2 28. Ra7 g5 29. h4 Rxa2 30. hxg5 hxg5 {Krasenkow,M (2490)-Shirov,A (2616) Munich GER 2026 ½-½ (31)}) ({RR} 16. Ng5 Nd5 17. Nxe6 Rfe8 18. Nd4 Nxe3 19. fxe3 Rxe3 20. Nxc6 bxc6 21. Rac1 Rd8 22. Rxc6 Re2 23. h3 h6 24. Rf3 Rd7 25. Rb3 a5 26. Ra6 Rdd2 27. Rg3 Rxb2 28. Ra7 g5 29. h4 Rxa2 30. hxg5 hxg5 {Krasenkow,M (2490)-Shirov,A (2616) Munich GER 2026 ½-½ (31)}) 16... Nd5 17. Bd2 Rfe8 18. Rac1 h6 19. Rc4 Rad8 20. a3 Rd6 21. h3 a6 22. Kf1 Kf7 23. g3 Rdd8 24. Kg2 Rd6 25. Re2 Rdd8 26. h4 Nf6 27. Bc3 Nd5 28. Bd2 Nf6 29. Bf4 Nd5 30. Bc1 Rc8 31. Bf4 Nce7 32. Rce4 Ng6 33. Bd6 Nf6 34. Rb4 b5 35. a4 Red8 36. Be5 Rc5 37. axb5 axb5 38. Bd4 Rcd5 39. Bc3 Rb8 40. Rb3 Nd7 41. Rb4 Rb6 42. Rbe4 Nf6 43. Rd4 Rb7 44. Rb4 Nd7 45. Rbe4 Rb6 46. Re1 Nf6 47. R4e3 b4 48. Bd4 Rbd6 49. Bxf6 gxf6 50. Rb3 Rb6 51. Re4 Rdb5 52. Rc4 e5 53. Rd3 Ne7 54. Rd1 h5 55. Rdc1 Rb7 56. Nd2 Nf5 57. Ne4 R5b6 58. Rc6 Nd4 59. Rc8 Kg6 60. Rg8+ Rg7 61. Ra8 Kf5 62. f3 Kg6 63. Kf2 Ne6 64. Rcc8 Rc7 65. Rg8+ Rg7 66. Rgb8 Rxb8 67. Rxb8 Rc7 68. Rxb4 Rc2+ 69. Ke3 Rg2 70. Rb6 Kf7 71. f4 exf4+ 72. gxf4 Ng7 73. Kf3 Rh2 74. Rxf6+ Kg8 75. b4 Rxh4 76. Nf2 Ne8 77. Rc6 Ng7 78. Rg6 Kf7 79. Rxg7+ Kxg7 80. Kg3 1-0

[Event "ESP-chT CECLUB Honor"]
[Site "Toledo"]
[Date "2021.10.16"]
[Round "6.2"]
[White "Kuzubov, Yuriy"]
[Black "Nihal, Sarin"]
[Result "0-1"]
[WhiteElo "2624"]
[BlackElo "2652"]
[PlyCount "80"]
[EventDate "2021.10.11"]
[EventType "team-tourn"]
[EventRounds "7"]
[EventCountry "ESP"]
[SourceTitle "CBM 204 Extra"]
[Source "ChessBase"]
[SourceDate "2022.09.12"]
[SourceVersion "1"]
[SourceVersionDate "2022.09.12"]
[SourceQuality "1"]
[WhiteTeam "Jaime Casas"]
[BlackTeam "Andreu Paterna"]
[WhiteTeamCountry "ESP"]
[BlackTeamCountry "ESP"]

1. d4 Nf6 2. c4 e6 3. Nf3 d5 4. Nc3 c5 5. e3 Nc6 6. cxd5 exd5 7. Bb5 cxd4 8. Nxd4 Bd7 9. O-O Bd6 10. Nf3 Be6 11. Be2 a6 12. b3 Qe7 ({RR} 12... O-O 13. Bb2 Qe7 14. Rc1 Rfd8 15. Nd4 Nxd4 16. Qxd4 Bc5 17. Qh4 d4 18. exd4 Rxd4 19. Qg3 Rad8 20. Rcd1 Bd6 21. f4 Bc5 22. Kh1 Rxd1 23. Bxd1 Bd4 24. Bf3 b5 25. Rd1 b4 26. Nd5 Bxd5 27. Rxd4 {Smolik,J (2375)-Schuricht,E (2273) St. Veit an der Glan AUT 2026 ½-½ (51)}) ({RR} 12... O-O 13. Bb2 Qe7 14. Rc1 Rfd8 15. Nd4 Nxd4 16. Qxd4 Bc5 17. Qh4 d4 18. exd4 Rxd4 19. Qg3 Rad8 20. Rcd1 Bd6 21. f4 Bc5 22. Kh1 Rxd1 23. Bxd1 Bd4 24. Bf3 b5 25. Rd1 b4 26. Nd5 Bxd5 27. Rxd4 {Smolik,J (2375)-Schuricht,E (2273) St. Veit an der Glan AUT 2026 ½-½ (51)}) 13. Bb2 Rd8 14. Qc2 $146 ({RR} 14. Rc1 O-O 15. Na4 Ne4 16. Bxa6 Nb4 17. Qd4 f6 18. Bb5 Nxa2 19. Ra1 Nb4 20. Rfc1 Kh8 21. Qd1 Qf7 22. Nd4 Bc8 23. Nb6 Qg6 24. Nxc8 Rxc8 25. Bd7 Rxc1 26. Rxc1 Qh6 27. f4 Qh4 28. g3 Qh6 {Tscheuschner,G (2168)-Shepherd,T (1937) Reykjavik ISL 2025 1-0 (56)}) ({RR} 14. Rc1 O-O 15. Na4 Ne4 16. Bxa6 Nb4 17. Qd4 f6 18. Bb5 Nxa2 19. Ra1 Nb4 20. Rfc1 Kh8 21. Qd1 Qf7 22. Nd4 Bc8 23. Nb6 Qg6 24. Nxc8 Rxc8 25. Bd7 Rxc1 26. Rxc1 Qh6 27. f4 Qh4 28. g3 Qh6 {Tscheuschner,G (2168)-Shepherd,T (1937) Reykjavik ISL 2025 1-0 (56)}) 14... O-O 15. Rad1 h6 16. Qb1 Bb8 17. Rfe1 Rfe8 18. g3 Ba7 19. Nd4 Nxd4 20. exd4 b5 21. Bf1 Qd7 22. Re5 Bg4 23. Rde1 Bxd4 24. Rxe8+ Rxe8 25. Rxe8+ Qxe8 26. Nd1 Qe5 27. Bxd4 Qxd4 28. Ne3 Be6 29. Qc1 Ne4 30. a3 Nd2 31. b4 Nxf1 32. Nxf1 Qc4 33. Qe1 d4 34. f4 Qd3 35. Qd2 Qe4 36. Qg2 Qb1 37. Qf3 Bc4 38. Kg2 Qc2+ 39. Kh3 f5 40. g4 fxg4+ 0-1

[Event "FIDE Grand Swiss"]
[Site "Riga"]
[Date "2021.10.28"]
[Round "2"]
[White "Nihal, Sarin"]
[Black "Caruana, Fabiano"]
[Result "1/2-1/2"]
[WhiteElo "2652"]
[BlackElo "2800"]
[PlyCount "113"]
[EventDate "2021.10.27"]
[EventType "swiss"]
[EventRounds "11"]
[EventCountry "LAT"]
[SourceTitle "CBM 205"]
[Source "ChessBase"]
[SourceDate "2021.11.30"]
[SourceVersion "1"]
[SourceVersionDate "2021.11.30"]
[SourceQuality "1"]

1. d4 d5 2. c4 e6 3. Nc3 c5 4. e3 Nf6 5. Nf3 a6 6. cxd5 exd5 7. Be2 Nc6 8. O-O Bd6 9. dxc5 Bxc5 10. b3 O-O 11. Bb2 Ba7 12. Rc1 Re8 13. h3 ({RR} 13. Rc2 d4 14. exd4 Nxd4 15. Nxd4 Qxd4 16. Qxd4 Bxd4 17. Bf3 Bf5 18. Rd2 Bxc3 19. Bxc3 Ne4 20. Bxe4 Bxe4 21. f3 Bc6 22. Rfd1 h5 23. Kf2 f6 24. Kg3 Kh7 25. a4 Re3 26. Rd3 Rae8 27. h4 Rxd3 {Duda,J (2730)-Giri,A (2780) Chess.com INT 2019 ½-½ (55)}) ({RR} 13. Rc2 d4 14. exd4 Nxd4 15. Nxd4 Qxd4 16. Qxd4 Bxd4 17. Bf3 Bf5 18. Rd2 Bxc3 19. Bxc3 Ne4 20. Bxe4 Bxe4 21. f3 Bc6 22. Rfd1 h5 23. Kf2 f6 24. Kg3 Kh7 25. a4 Re3 26. Rd3 Rae8 27. h4 Rxd3 {Duda,J (2730)-Giri,A (2780) Chess.com INT 2019 ½-½ (55)}) 13... Qd6 ({RR} 13... d4 14. exd4 Nxd4 15. Nxd4 Qxd4 16. Bf3 Qh4 17. Nd5 Nxd5 18. Qxd5 Rb8 19. Rc4 Qh6 20. Re4 Be6 21. Rfe1 Red8 22. Qe5 Rd2 23. Bd4 b6 24. Be3 {1-0 (24) Erigaisi,A (2745)-Weetik,V (2423) chess.com INT 2026}) ({RR} 13... d4 14. exd4 Nxd4 15. Nxd4 Qxd4 16. Bf3 Qh4 17. Nd5 Nxd5 18. Qxd5 Rb8 19. Rc4 Qh6 20. Re4 Be6 21. Rfe1 Red8 22. Qe5 Rd2 23. Bd4 b6 24. Be3 {1-0 (24) Erigaisi,A (2745)-Weetik,V (2423) chess.com INT 2026}) 14. Bd3 Bd7 $146 ({RR} 14... Bb8 15. Ne2 Ne4 16. Bxe4 dxe4 17. Qxd6 Bxd6 18. Nfd4 Ne5 19. Rfd1 Nd3 20. Rc2 Bd7 21. Nc1 Nxb2 22. Rxb2 Ba3 23. Rc2 Rac8 24. Nce2 Kf8 25. Ng3 g6 26. Rxc8 Bxc8 27. Nc2 Bc5 28. Rd5 Ba7 29. Nd4 {Md,B (1993)-Kaidanov,G (2534) chess.com INT 2024 1-0 (71)}) ({RR} 14... Bb8 15. Ne2 Ne4 16. Bxe4 dxe4 17. Qxd6 Bxd6 18. Nfd4 Ne5 19. Rfd1 Nd3 20. Rc2 Bd7 21. Nc1 Nxb2 22. Rxb2 Ba3 23. Rc2 Rac8 24. Nce2 Kf8 25. Ng3 g6 26. Rxc8 Bxc8 27. Nc2 Bc5 28. Rd5 Ba7 29. Nd4 {Md,B (1993)-Kaidanov,G (2534) chess.com INT 2024 1-0 (71)}) 15. Ne2 Rad8 16. Ned4 Ne4 17. Qe2 Bb8 18. Rfd1 Qg6 19. Nh4 Nxd4 20. Bxd4 Qh6 21. Nf3 Bxh3 22. gxh3 Qxh3 23. Qf1 Qxf3 24. Qg2 Qxg2+ 25. Kxg2 h6 26. b4 Re6 27. a4 h5 28. Rc2 Be5 29. Bxe5 Rxe5 30. Rc7 Nd6 31. Be2 Rg5+ 32. Kf1 Rf5 33. Kg2 Rg5+ 34. Kf1 Rf5 35. Kg2 b5 36. axb5 Nxb5 37. Rc5 Rb8 38. Bf1 Rg5+ 39. Kh2 Rg4 40. Rdxd5 Rxb4 41. Rxh5 g6 42. Rhd5 Kg7 43. Kg3 Rb6 44. Bd3 Rb2 45. f3 Rb3 46. e4 Rd6 47. Rxb5 Rxd3 48. Rxd3 Rxd3 49. Rb6 a5 50. Ra6 Ra3 51. e5 a4 52. Ra7 Kf8 53. Kg4 Re3 54. Kf4 Ra3 55. Kg4 Re3 56. Kf4 Ra3 57. Kg4 1/2-1/2